The Missing Word - Cate Blanchett's Movies - Statistics

General Stats
  • This quiz has been taken 38 times
  • The average score is 17 of 20
Answer Stats
Hint Answer % Correct
___ Look Up Don't
100%
___'s 8 Ocean
100%
Thor: ___ Ragnarok
100%
___ Hood Robin
100%
The Curious Case of Benjamin ___ Button
94%
The ___ Mr. Ripley Talented
94%
Indiana Jones and the Kingdom of the ___ Skull Crystal
91%
The ___: An Unexpected Journey Hobbit
91%
The Lord of the Rings: The ___ Towers Two
91%
___ Bag Black
89%
___ Jasmine Blue
89%
Notes on a ___ Scandal
86%
___: The Golden Age Elizabeth
83%
I'm Not ___ There
80%
The ___ Aviator
77%
The Life Aquatic with ___ Zissou Steve
74%
___ Carol
69%
The ___ Men Monuments
69%
The New ___ Boy
60%
The Good ___ German
54%
No matching quizzes found
Score Distribution
Percent of People with Each Score
Percentile by Number Answered
Your Score History
You have not taken this quiz